1497 1514 1665 1617 1912 1748 1258 1611 1922 1433 1303 1352 1824 1361 1561 1491 1510 1551 1960 1628 1927 1881 1861 1048 1972 1280 1498 1785 1388 1250 1911 1007 1747 1596 1726 1578 1598 1838 1950 1241 1367 1197 1153 1187 1127 1492 1180 1458 1057 1635 1276 1436 1672 1334 1159 1543 1097 1393 1722 1793 1019 1887 1784 1127 1398 1625 1976 1550 1334 1268 1460 1020 1552 1808 1995 1123 1885 1214 1355 1510 1104 1427 1194 1727 1861 1022 1808 1878 1457 1634 1286 1466 1768 1840 1022 1876 1483 1205 1279 BCNSPRNW ULIB Ver.6.0+V

เปลี่ยนเป็นภาษาไทย

Change to English
 แสดงรายละเอียดบรรณานุกรม
  กลับหน้าหลัก

Brief Record : Get Marc (ISO 2709) : E-mail record : QR code < ปิดหน้าต่าง
LEADER : 00000nam 2200000uu 4500
001    13399120633
003     ULIB
008    121001s2549||||th 000 0 tha d
020    ^a9789749869628
050 04 ^aA^bน624W
100 0  ^aนิภาพัชร์ ปิ่นสุวรรณ
245 10 ^aWhat? รู้รอบเรื่องน่าทึ่งของโลก /^cนิภาพัชร์ ปิ่นสุวรรณ
250    ^aพิมพ์ครั้งที่ 2
260    ^aกรุงเทพฯ :^bอักษรเจริญทัศน์,^c2549
300    ^a191 หน้า :^bภาพประกอบ
440  0 ^aหนังสือเสริมการเรียนรู้ ชุด สรรพ์สาระของโลก
650  7 ^aความรู้ทั่วไป
650  7 ^aรวมเรื่อง
650  7 ^aโลก
945    ^p170^l0^i24862
995    ^aทศพร
999    ^aทศพร เกษรทอง
รายการนี้ยังไม่มีแท็ก
คุณยังไม่ได้ล็อกอิน คุณสามารถมีกิจกรรมร่วมกับเว็บไซต์ได้ แต่ต้องล็อกอินก่อน ::
  ล็อกอิน

รายการสื่อสารสนเทศ

ลำดับที่ ประเภท เลขเรียก/บาร์โค้ด สถานที่ สถานะ
1. วิทยาศาสตร์การแพทย์ และสุขภาพ
วิทยาศาสตร์การแพทย์ และสุขภาพ
A น624W  
  Barcode: 24862
ห้องสมุดวิทยาเขตสวรรค์ประชารักษ์
►หนังสือทั่วไป
บนชั้น

รายการใกล้เคียง
    ผู้แต่ง [นิภาพัชร์ ปิ่นสุวรรณ]

    หัวเรื่อง [ความรู้ทั่วไป]
    หัวเรื่อง [รวมเรื่อง]
    หัวเรื่อง [โลก]

BibComment


ยังไม่เคยถูกคอมเมนท์

คอมเมนท์ทรัพยากรรายการนี้
  คอมเมนท์: What รู้รอบเรื่อ..


 Copyright 2026. Bcnsprnw @Library